000 01303nam a22001457a 4500
999 _c531367
_d531367
008 250822b ||||| |||| 00| 0 eng d
100 _aRoy, Debarshi
_956260
245 _aEntrepreneurship-driven Migratory behaviour among the tea estate workers in West Bengal: An exploratory study
260 _aVikalpa: The Journal for Decision Maker
300 _a50(2), Apr-Jun, 2025: p.111-122
520 _aThe tea estate workers of West Bengal have been victims of colonial oppression for generations. The experiences of the workers with oppressive business cultures have resulted in unique complexities within their behaviour. Migratory entrepreneurship will augur socio-economic growth among the tea estate communities while enhancing the efficiency of the tea estates. The present study explores the behavioural dimensions of migratory entrepreneurship among the tea estate workers of Bengal through a multi-dimensional approach which includes a discussion on the historical, socio-economic perspective, a field study on perceptions of migratory entrepreneurship among the garden community and a subsequent analysis of the results. - Reproduced
650 _aMigration, Entrepreneurship, Behaviour, Tea estates, Decision problem
_956261
773 _0Vikalpa: The Journal for Decision Maker
942 _cAR